[Event "Wch Seniors 13th"]
[Site "Bad Zwischenahn"]
[Date "2003.??.??"]
[Round "?"]
[White "Glende, Siegfried"]
[Black "Postel, Richard"]
[Result "0-1"]
[WhiteElo "1760"]
[BlackElo "1690"]
[PlyCount "132"]
[EventDate "2003.11.16"]
[EventType "swiss"]
[EventRounds "11"]
[EventCountry "GER"]
[SourceTitle "CBM 097 Extra"]
[Source "ChessBase"]
[SourceDate "2004.01.13"]
[SourceVersion "1"]
[SourceVersionDate "2004.01.13"]
[SourceQuality "1"]

1. e4 c5 2. d3 d6 3. Nf3 Nc6 4. g3 g6 5. Bg2 Bg7 6. 0-0 Nf6 7. Re1 Qc7 8. Nbd2 0-0 9. Nf1 Bd7 10. h3 h6 11. g4 Qc8 12. Kh2 Nh7 13. c3 Ne5 14. Nxe5 dxe5 15. f4 Qc7 16. f5 e6 17. Ne3 Rad8 18. Kh1 Bc6 19. Qe2 Qe7 20. c4 Qh4 21. Nc2 Qg3 22. Be3 b6 23. Rad1 exf5 24. Bf2 Qf4 25. Rf1 Qg5 26. gxf5 gxf5 27. Rg1 f4 28. Bf3 Qe7 29. Qe1 Kh8 30. Bh4 Bf6 31. Bxf6+ Qxf6 32. Qf2 Rg8 33. Rxg8+ Rxg8 34. Rg1 Rxg1+ 35. Qxg1 Qg5 36. Qg4 f5 37. Qg2 Qxg2+ 38. Kxg2 fxe4 39. Bxe4 Bxe4+ 40. dxe4 Ng5 41. Ne1 Kg7 42. Nd3 Kf6 43. Nf2 h5 44. h4 Nf7 45. b3 a6 46. Nd1 Ke6 47. Nc3 Kd6 48. Nd5 b5 49. cxb5 axb5 50. Nc3 Kc6 51. a4 bxa4 52. bxa4 Nd6 53. Kf3 Nc4 54. Nb1 Kb6 55. Nc3 Ka5 56. Ke2 Nd6 57. Kf3 Ne8 58. Ke2 Kb4 59. Kd2 c4 60. Kc2 Nf6 61. Kd2 Ng4 62. Ke2 Kxc3 63. a5 Nf6 64. a6 Nd7 65. Kd1 Nb6 66. a7 Kd3 0-1

[Event "Wch Seniors 13th"]
[Site "Bad Zwischenahn"]
[Date "2003.??.??"]
[Round "?"]
[White "Postel, Richard"]
[Black "Filzmaier, Bruno"]
[Result "1/2-1/2"]
[WhiteElo "1690"]
[BlackElo "1780"]
[PlyCount "72"]
[EventDate "2003.11.16"]
[EventType "swiss"]
[EventRounds "11"]
[EventCountry "GER"]
[SourceTitle "CBM 097 Extra"]
[Source "ChessBase"]
[SourceDate "2004.01.13"]
[SourceVersion "1"]
[SourceVersionDate "2004.01.13"]
[SourceQuality "1"]

1. e4 e6 2. d4 d5 3. Nd2 dxe4 4. Nxe4 Nf6 5. Nxf6+ Qxf6 6. Nf3 h6 7. c3 Bd6 8. Bd3 Nc6 9. Be3 0-0 10. Qc2 e5 11. dxe5 Nxe5 12. Nxe5 Bxe5 13. 0-0-0 Bf4 14. Bxf4 Qxf4+ 15. Kb1 Be6 16. g3 Qf6 17. Be4 c6 18. f4 Rad8 19. Rhe1 Bg4 20. Rxd8 Rxd8 21. Kc1 g6 22. Rh1 Qd6 23. h3 Be6 24. b3 Qc5 25. Re1 f5 26. Bf3 Kf7 27. Kb2 a5 28. Qe2 Rd6 29. g4 a4 30. gxf5 gxf5 31. Bh5+ Ke7 32. Qg2 a3+ 33. Kc2 Qd5 34. Qxd5 Rxd5 35. Bf3 Rd8 36. Rg1 Rg8 1/2-1/2